LEADER 02498nam 2200349 450 001 9910627231003321 005 20230517160413.0 035 $a(CKB)5580000000466253 035 $a(NjHacI)995580000000466253 035 $a(EXLCZ)995580000000466253 100 $a20230517d2017 uy 0 101 0 $aeng 135 $aur||||||||||| 181 $ctxt$2rdacontent 182 $cc$2rdamedia 183 $acr$2rdacarrier 200 10$aPrinciples of Magnetostatics /$fRichard Clinton Fernow 210 1$aCambridge, England :$cCambridge University Press,$d2017. 215 $a1 online resource (300 pages) 311 $a1-009-29116-5 327 $aPreface; 1. Basic concepts; 2. Magnetic materials; 3. Potential theory; 4. Conductor-dominant transverse fields; 5. Complex analysis of transverse fields; 6. Iron-dominant transverse fields; 7. Axial field configurations; 8. Periodic magnetic channels; 9. Permanent magnets; 10. Time-varying fields; 11. Numerical methods; Appendices: A. Symbols and SI units; B. Vector analysis; C. Bessel functions; D. Legendre functions; E. Complex variable analysis; F. Complete elliptic integrals; Index. 330 $aMagnetostatics, the mathematical theory that describes the forces and fields resulting from the steady flow of electrical currents, has a long history. By capturing the basic concepts, and building towards the computation of magnetic fields, this book is a self-contained discussion of the major subjects in magnetostatics. Overviews of Maxwell's equations, the Poisson equation, and boundary value problems pave the way for dealing with fields from transverse, axial and periodic magnetic arrangements and assemblies of permanent magnets. Examples from accelerator and beam physics give up-to-date context to the theory. Both complex contour integration and numerical techniques for calculating magnetic fields are discussed in detail with plentiful examples. Theoretical and practical information on carefully selected topics make this a one-stop reference for magnet designers, as well as for physics and electrical engineering undergraduate students. This title, first published in 2016, has been reissued as an Open Access publication. 606 $aNuclear physics 615 0$aNuclear physics. 676 $a539.7 700 $aFernow$b Richard Clinton$046751 801 0$bNjHacI 801 1$bNjHacl 906 $aBOOK 912 $a9910627231003321 996 $aPrinciples of Magnetostatics$93085608 997 $aUNINA LEADER 04852nam 22006013 450 001 9910875595803321 005 20240617084511.0 010 $a9783839468135 010 $a3839468132 024 7 $a10.1515/9783839468135 035 $a(CKB)32230575200041 035 $a(MiAaPQ)EBC31465779 035 $a(Au-PeEL)EBL31465779 035 $a(DE-B1597)678417 035 $a(DE-B1597)9783839468135 035 $a(ScCtBLL)675b24e0-ee6e-4a8b-bab8-70d8512863c3 035 $a(Perlego)4389507 035 $a(EXLCZ)9932230575200041 100 $a20240617d2024 uy 0 101 0 $ager 135 $aur||||||||||| 181 $ctxt$2rdacontent 182 $cc$2rdamedia 183 $acr$2rdacarrier 200 10$aDigitale Schriftlichkeit $eProgrammieren, Prozessieren und Codieren Von Schrift 205 $a1st ed. 210 1$aBielefeld :$ctranscript Verlag,$d2024. 210 4$d©2024. 215 $a1 online resource (255 pages) 225 1 $aLiteratur in der Digitalen Gesellschaft Series 311 08$a9783837668131 311 08$a3837668134 327 $aCover -- Inhalt -- Digitale Schriftlichkeit. Eine Einleitung -- 1. Programmieren: Mit Maschinen sprechen -- 2. Prozessieren: Eine andere Form des Lesens -- 3. Codieren: Vom einzelnen Zeichen zum Algorithmus -- 4. Die Beiträge -- Von ?bits? zu ?words? -- 1. Einleitung -- 2. Mechanisierung der Sprache -- 3. Elektrifizierung der Sprache -- 4. John von Neumanns linguistic turn -- 5. Protodigitale Schriftlichkeit -- (Elektrographisches) Schreiben als Praxis in Bild, Schrift und Material -- Maschinenschreiben zwischen Energeia und Ergon -- 1. Einleitung -- 2. Sprachdenken und Logik -- 3. Weltlichkeit und kognitive Semantik -- 4. Generative Individuation -- 5. Das Ergon Schrift -- 6. Maschinenschreiben als Energeia und die Prozessualität der Schrift -- 7. Kommunikative Subjektivation -- 8. Schlussbemerkungen -- Schreiben und Lesen als Mensch?Maschine?Kommunikation -- 1. Ausgangspunkt Maschine: Umberto Ecos Kommunikationsmodell -- 2. Wer schreibt, Wer liest? -- 3. Wer ist der Codespender/die Codespenderin? -- 4. Kommunikationsanlass und Funktion der Botschaft -- Romantische Maschinen oder: Ein Bericht für ein Literaturhaus -- 1. Populäre Romantik -- 2. Die Anfänge der Computerliteratur -- 3. Neue Frontstellungen -- 4. Der neue Maßstab der Kreativität -- 5. Der Computer als Aufklärungsmaschine -- 6. 1960 vs. 2020 -- 7. Neue Vertrauensverluste -- 8. Ein neuer Zauber -- 9. Romantische Maschinen -- "What the Heck is A Book"? -- 1. Introduction -- 2. Book, Encyclopedia and Hypertext -- 3. Encyclopedic Novels -- 4 Text Generation "in Paradigm" -- Transitorische Literatur -- 1. Transitorischer Charakter -- 2. Ebenen digitaler Schrift -- 3. Internet Archive -- 4. Archivobjekt und Rekonstruktion von Fassungen -- 5. Fazit -- Vernakulärer Code oder die Geister, die der Algorithmus rief - digitale Schriftlichkeit im Kontext sozialer Medienplattformen. 327 $a1. Das Interface als Schwelle -- 2. Digitale Schriftlichkeit I: Hashtags -- 3. Digitale Schriftlichkeit II: Unsichtbarkeit -- 4. Fazit -- Humanities of the Digital -- 0. Einleitung -- 1. Die Sprache(n) der Medien -- 2. Computerphilologie -- 2.1 BASIC -- 2.2 Quellenlage -- 2.3 Sprachwissenschaftliche Perspektiven -- 2.4 Literaturwissenschaftliche Perspektiven -- 2.5 Bibliothekswissenschaftliche Perspektiven -- 3. Schluss: Paperware und Knowledge Preservation -- "I hope you can read this" -- 1. Why code? -- 2. Mermaids and Pits -- Autor:innen. 330 $aDigitale Schriftlichkeit verändert und durchdringt unseren Alltag: Jedem normalsprachlichen Text auf Bildschirmen unterliegt ein schreib- wie lesbarer Code. Die Fragen »Wer schreibt?« und »Wer liest?« wandeln sich in diesem Kontext zu »Wer programmiert?« und »Wer prozessiert?«. Die Beiträger*innen widmen sich diesem Phänomen und verstehen das Codieren als Praxis der Schriftlichkeit. Es zeigt sich: Die Digitalisierung formt Schreiben und Schrift in einer Art und Weise um, die weit über die unterschiedlichen semiotischen und symbolischen Ebenen von Code und Schrift hinausgeht. 410 0$aLiteratur in der Digitalen Gesellschaft Series 606 $aOnline authorship 606 $aOnline journalism 606 $aLITERARY CRITICISM / General$2bisacsh 615 0$aOnline authorship. 615 0$aOnline journalism. 615 7$aLITERARY CRITICISM / General. 676 $a808.00285/4678 700 $aBartelmus$b Martin$01427545 701 $aNebrig$b Alexander$01750885 712 02$aAnton-Betz-Stiftung der Rheinischen Post e.V.$4fnd$4http://id.loc.gov/vocabulary/relators/fnd 801 0$bMiAaPQ 801 1$bMiAaPQ 801 2$bMiAaPQ 906 $aBOOK 912 $a9910875595803321 996 $aDigitale Schriftlichkeit$94185635 997 $aUNINA